| Tag |
First Indicator |
Second Indicator |
Subfields |
| LEADER |
00000cam a2200000 4500 |
| 001 |
in00001515921 |
| 005 |
20151021104811.0 |
| 007 |
he bm????b?c? |
| 008 |
790531r19771852kyu b 000 0 eng d |
| 035 |
|
|
|a (OCoLC)05022987
|
| 035 |
|
|
|9 AJL3970AM
|
| 040 |
|
|
|a UUM
|c UUM
|d OCL
|d TXA
|d UtOrBLW
|
| 049 |
|
|
|a TXAI
|
| 090 |
|
|
|a E449
|b .S8946
|
| 099 |
|
|
|a fiche
|a C
|a 21299
|
| 100 |
1 |
|
|a Pringle, Edward J.
|
| 245 |
1 |
0 |
|a Slavery in the southern states /
|c By a Carolinian.
|
| 250 |
|
|
|a 2d ed.
|
| 264 |
|
1 |
|a Cambridge :
|b J. Bartlett,
|c 1852.
|
| 300 |
|
|
|a 2 pages, †., [3]-53 pages ;
|c 20 cm.
|
| 336 |
|
|
|a text
|b txt
|2 rdacontent
|
| 337 |
|
|
|a microform
|b h
|2 rdamedia
|
| 338 |
|
|
|a microfiche
|b he
|2 rdacarrier
|
| 500 |
|
|
|a "An answer to the question, What do you think of "Uncle Tom's cabin at the South?"."
|
| 533 |
|
|
|a Microfiche (negative).
|b Louisville, Ky. :
|c Lost Cause Press,
|d 1977.
|e 2 sheets ; 11 x 15 cm.
|f (Slavery: source material and critical literature)
|
| 500 |
|
|
|a Microform.
|
| 600 |
1 |
0 |
|a Stowe, Harriet Beecher,
|d 1811-1896.
|t Uncle Tom's cabin.
|
| 650 |
|
0 |
|a Slavery
|z United States
|x Controversial literature.
|
| 948 |
|
|
|a c:blr
|
| 999 |
|
|
|a MARS
|
| 999 |
f |
f |
|s b567f0cf-42d6-30f1-a076-c702094fd684
|i 986f98f1-ffd2-34c6-a386-84054e070f14
|t 0
|
| 952 |
f |
f |
|p default
|a Texas A&M University
|b College Station
|c Sterling C. Evans Library
|d Evans: Microforms (3rd floor)
|t 0
|e fiche C 21299
|h Other scheme
|i microform -- microfiche
|
| 998 |
f |
f |
|a fiche C 21299
|t 0
|l Evans: Microforms (3rd floor)
|